Normal view
MARC view
- Urdu Adab--Tanz-o-Mazah.
Entry Topical Term
001 - CONTROL NUMBER
- control field: 1738
003 - CONTROL NUMBER IDENTIFIER
- control field: NUST
005 - DATE AND TIME OF LATEST TRANSACTION
- control field: 20170601091800.0
008 - FIXED-LENGTH DATA ELEMENTS
- fixed length control field: 170601|| aca||aabn | a|a d
040 ## - CATALOGING SOURCE
- Original cataloging agency: NUST
- Transcribing agency: NUST
150 ## - HEADING--TOPICAL TERM
- Topical term or geographic name entry element: Urdu Adab--Tanz-o-Mazah.
670 ## - SOURCE DATA FOUND
- Source citation: Work cat.: (NUST)0: Shafiq ur Rehman 1675, Dajla, 2008.
